Pays ayant ou ayant eu des statues de Lénine - Statistiques

Statistiques générales
  • Ce quiz a été pris 184 fois
    132 depuis la dernière actualisation
  • Le résultat moyen est 26 sur 37
Statistiques - réponses
Nombre Pays % Correct
146 Russie
100%
2 Pologne
97%
32 Ukraine
97%
15 Biélorussie
94%
7 Estonie
93%
23 Kazakhstan
91%
10 Lituanie
91%
5 Allemagne
90%
12 Lettonie
90%
2 France
89%
1 Roumanie
88%
2 Hongrie
81%
4 Ouzbékistan
81%
3 États-Unis
80%
9 Moldavie
79%
3 Bulgarie
78%
2 Finlande
78%
5 Géorgie
77%
1 Mongolie
77%
3 République tchèque
77%
6 Turkménistan
77%
5 Arménie
75%
4 Azerbaïdjan
74%
1 Cuba
74%
11 Kirghizistan
74%
8 Tadjikistan
74%
2 Italie
70%
1 Albanie
61%
1 Norvège
61%
1 Grèce
60%
1 Vietnam
57%
3 Inde
51%
1 Danemark
50%
1 Venezuela
33%
1 Éthiopie
13%
1 Bénin
4%
1 Maurice
1%
Aucun quiz correspondant
Distribution des résultats
% des personnes avec chaque résultat
Percentile par nombre de réponses
Votre historique - résultats
Vous n’avez pas pris ce quiz depuis la dernière actualisation